Normal view
MARC view
- علم النفس-الادراك الحسي
Entry Topical Term
001 - CONTROL NUMBER
- control field: 27352
003 - CONTROL NUMBER IDENTIFIER
- control field: JO-AjAnu
005 - DATE AND TIME OF LATEST TRANSACTION
- control field: 20230606074640.0
008 - FIXED-LENGTH DATA ELEMENTS
- fixed length control field: 230606|| aca||aabn | a|a d
040 ## - CATALOGING SOURCE
- Original cataloging agency: JO-AjAnu
- Transcribing agency: JO-AjAnu
150 ## - HEADING--TOPICAL TERM
- Topical term or geographic name entry element: علم النفس-الادراك الحسي
670 ## - SOURCE DATA FOUND
- Source citation: Work cat.: (JO-AjAnu)14047: الريماوي،محمد عودة وآخرون ، التل،شادية احمد ، العتوم،عدنان يوسف ، علاونه،شفيق فلاح ، البطش،محمد وليد/تحرير, author 27351, علم النفس العام = General Psychology